01033nam a2200217Ia 4500003000900000008004100009040001600050080002200066111012700088245023400215260003500449300001600484490005500500650004100555650001700596650003000613700002700643942000700670999001500677952012300692IN-BaIIA211028s9999 xx 000 0 eng d cIIA Library a524.5(082.2)bTHE aConference on the Distribution and Motion of Interstellar Matter in GalaxiescPrinceton, New Jerseyd1961 Apr. 10-2094117 4aThe distribution and motion of interstellar matter in galaxiesbproceedings of a conference on the distribution and motion of interstellar matter in galaxies, held in Princeton, New Jersey, April 10-20, 1961cedited by L. Woltjer aNew YorkbW. A. Benjaminc1962 axiii, 330p. aBenjamin books in the planetary and earth sciences aAstronomy and astrophysics thesaurus aGalaxy93368 aInterstellar matter91189 aWoltjer, L., ed.94118 cBK c2299d2299 00104070aBANbBANcGENd0000-00-00g74.25l0o524.5(082.2)/ THEp2575r2021-11-05v74.25w0000-00-00yBKGRs. 74.25